| 000 | 00350nam a2200145Ia 4500 | ||
|---|---|---|---|
| 008 | 240624s9999 xx 000 0 und d | ||
| 041 | _aeng | ||
| 082 | _a330 PUR | ||
| 100 | _aPURI V K | ||
| 245 | _aECONOMIC ENVIRONMENT OF BUSINESS | ||
| 250 | _a(8th ed.) | ||
| 260 |
_c2013 _aMumbai _bHimalaya |
||
| 300 | _a740 : p. : cm. ; 26 | ||
| 365 |
_cRS _b31 |
||
| 999 |
_c24751 _d24751 |
||